<?xml version="1.0" encoding="UTF-8"?>
<record
    xmlns:xsi="http://www.w3.org/2001/XMLSchema-instance"
    xsi:schemaLocation="http://www.loc.gov/MARC21/slim http://www.loc.gov/standards/marcxml/schema/MARC21slim.xsd"
    xmlns="http://www.loc.gov/MARC21/slim">

  <leader>02218cam a22003254i 4500</leader>
  <controlfield tag="003">PE-LiUPU</controlfield>
  <controlfield tag="005">20251126155418.0</controlfield>
  <controlfield tag="008">2022xxxxes     pe a    rb    000 0 spa d</controlfield>
  <datafield tag="020" ind1=" " ind2=" ">
    <subfield code="a">9788412496697</subfield>
  </datafield>
  <datafield tag="035" ind1=" " ind2=" ">
    <subfield code="a">PE-LiUPU000014</subfield>
  </datafield>
  <datafield tag="040" ind1=" " ind2=" ">
    <subfield code="a">PE-LiUPU</subfield>
    <subfield code="b">spa</subfield>
    <subfield code="c">PE-LiUPU</subfield>
    <subfield code="e">rda</subfield>
  </datafield>
  <datafield tag="082" ind1="0" ind2="4">
    <subfield code="a">664</subfield>
    <subfield code="b">M183c</subfield>
    <subfield code="2">23</subfield>
  </datafield>
  <datafield tag="100" ind1=" " ind2=" ">
    <subfield code="a">Madrid Vicente, Antonio,</subfield>
    <subfield code="e">autor.</subfield>
    <subfield code="9">6898</subfield>
  </datafield>
  <datafield tag="245" ind1="1" ind2="0">
    <subfield code="a">Curso de formaci&#xF3;n en tecnolog&#xED;a de los alimentos :</subfield>
    <subfield code="b">con ejercicios pr&#xE1;cticos resueltos /</subfield>
    <subfield code="c">por Antonio Madrid.</subfield>
  </datafield>
  <datafield tag="264" ind1=" " ind2="1">
    <subfield code="a">Madrid :</subfield>
    <subfield code="b">AMV Ediciones,</subfield>
    <subfield code="c">2022.</subfield>
  </datafield>
  <datafield tag="300" ind1=" " ind2=" ">
    <subfield code="a">417 p&#xE1;ginas :</subfield>
    <subfield code="b">ilustraciones ;</subfield>
    <subfield code="c">24 cm</subfield>
  </datafield>
  <datafield tag="336" ind1=" " ind2=" ">
    <subfield code="a">texto</subfield>
    <subfield code="2">rdacontent</subfield>
  </datafield>
  <datafield tag="337" ind1=" " ind2=" ">
    <subfield code="a">unmediated</subfield>
    <subfield code="2">rdamedia</subfield>
  </datafield>
  <datafield tag="338" ind1=" " ind2=" ">
    <subfield code="a">volumen</subfield>
    <subfield code="2">rdacarrier</subfield>
  </datafield>
  <datafield tag="504" ind1=" " ind2=" ">
    <subfield code="a">Incluye &#xED;ndice, ejercicios pr&#xE1;cticos y soluciones al final del libro.</subfield>
  </datafield>
  <datafield tag="505" ind1="0" ind2=" ">
    <subfield code="a">Los Alimentos -- Alimentos antioxidantes, funcionales y transg&#xE9;nicos -- El Etiquetado nutricional -- Los Aditivos -- Seguridad alimentaria y trazabilidad -- Sistema APPCC -- La leche -- Los productos l&#xE1;cteos -- Los Helados -- Carnes y productos c&#xE1;rnicos -- El Pescado y sus productos derivados -- Huevos y ovoproductos -- Mermeladas, jaleas y miel -- Zumos, n&#xE9;ctares y ketchup -- Productos de Boller&#xED;a, pasteler&#xED;a, galletas, caramelos, chicles, etc... -- Aceites y grasas -- El Caf&#xE9; -- Frutos secos -- Condimentos y especias -- Equipamiento industrial en las industrias alimentarias -- Soluciones a ejercicios pr&#xE1;cticos.</subfield>
  </datafield>
  <datafield tag="520" ind1=" " ind2=" ">
    <subfield code="a">Curso completo y actualizado sobre tecnolog&#xED;a de los alimentos. Aborda desde conceptos b&#xE1;sicos de nutrici&#xF3;n, seguridad alimentaria, etiquetado y aditivos, hasta procesos de fabricaci&#xF3;n industrial y control de calidad. Incluye ejercicios pr&#xE1;cticos con soluciones. Dirigido a estudiantes, t&#xE9;cnicos y profesionales del sector alimentario.</subfield>
  </datafield>
  <datafield tag="650" ind1=" " ind2="0">
    <subfield code="a">Tecnolog&#xED;a de los alimentos.</subfield>
    <subfield code="9">6899</subfield>
  </datafield>
  <datafield tag="650" ind1=" " ind2="0">
    <subfield code="a">Procesamiento de alimentos.</subfield>
    <subfield code="9">6900</subfield>
  </datafield>
  <datafield tag="650" ind1=" " ind2="0">
    <subfield code="a">Aditivos alimentarios.</subfield>
    <subfield code="9">6901</subfield>
  </datafield>
  <datafield tag="650" ind1=" " ind2="0">
    <subfield code="a">Etiquetado de alimentos.</subfield>
    <subfield code="9">6902</subfield>
  </datafield>
  <datafield tag="856" ind1="4" ind2="0">
    <subfield code="u">https://www.amvediciones.com/producto/curso-tecnologia-de-los-alimentos</subfield>
    <subfield code="z">Ficha editorial en l&#xED;nea.</subfield>
  </datafield>
  <datafield tag="942" ind1=" " ind2=" ">
    <subfield code="2">ddc</subfield>
    <subfield code="c">BK</subfield>
  </datafield>
  <datafield tag="980" ind1=" " ind2=" ">
    <subfield code="6">21515</subfield>
    <subfield code="a">ROMINA COBOS Adquisiciones</subfield>
    <subfield code="8">18226</subfield>
    <subfield code="g">Jaime Vilcaz&#xE1;n Jefe de An&#xE1;lisis Documental</subfield>
  </datafield>
  <datafield tag="999" ind1=" " ind2=" ">
    <subfield code="c">63056</subfield>
    <subfield code="d">63055</subfield>
  </datafield>
  <datafield tag="952" ind1=" " ind2=" ">
    <subfield code="r">2025-12-03 00:00:00</subfield>
    <subfield code="l">0</subfield>
    <subfield code="o">664 M183c</subfield>
    <subfield code="p">82745</subfield>
    <subfield code="t">e1</subfield>
    <subfield code="v">45.00</subfield>
    <subfield code="w">2025-09-22</subfield>
    <subfield code="x">FIA</subfield>
    <subfield code="y">BK</subfield>
    <subfield code="1">0</subfield>
    <subfield code="2">ddc</subfield>
    <subfield code="5">0</subfield>
    <subfield code="7">0</subfield>
    <subfield code="8">GEN</subfield>
    <subfield code="f">P26</subfield>
    <subfield code="a">BUL</subfield>
    <subfield code="b">BUL</subfield>
    <subfield code="c">GEN</subfield>
    <subfield code="d">2025-09-19</subfield>
    <subfield code="e">COMPRA</subfield>
    <subfield code="g">40.00</subfield>
  </datafield>
</record>
